| 000 | 00655nam a2200217 a 4500 | ||
|---|---|---|---|
| 999 |
_c1312 _d1312 |
||
| 001 | 1312 | ||
| 003 | BD-JhCC | ||
| 005 | 20171021120556.0 | ||
| 008 | 171017s2006 bg ||||| |||| 00| 0 ben d | ||
| 035 | _a(BD-JhCC) 1312 | ||
| 040 |
_aBD-JhCC _dBD-JhCC |
||
| 041 | _aben | ||
| 082 |
_a891.443 _bKAM 2006 |
||
| 100 | _aকামরুজ্জামান, মোঃ | ||
| 245 |
_aভূতের ভয় / _c মোঃ কামরুজ্জামান |
||
| 260 |
_aময়মনসিংহ, _aঢাকা : _b3T প্রকাশনী, _c2006 |
||
| 300 |
_a64 p. : _c21 cm |
||
| 650 | _aBengali Novel | ||
| 942 |
_2ddc _cBK |
||